Common Sense Quiz - Statistics

General Stats
  • This quiz has been taken 323 times
  • The average score is 8 of 10
Answer Stats
Question Answer % Correct
You forgot to bring your lunch to school. Who should you trust to give you lunch? Your friend, who gives you half his sandwich
99%
You are playing Among Us. Who is the impostor? Someone that killed someone RIGHT IN FRONT OF MY FACE
87%
You live in a very cold city and you're TIRED of the cold. Luckily, you win a prize to travel anywhere in the world. You decide to get away from the cold. Where do you go? The Bahamas
86%
You are bored and decide to go on a quiz website. You see multiple quiz websites, which one do you pick? JetPunk
82%
You have to run somewhere and you need someone to hold your wallet. Who do you trust? Your dad
80%
You have a severe mouse problem in your house, and you want a pet. Which pet would help with this problem? A cat
78%
You are in Kenya, and you go on a helicopter ride and fly over a grassland. Which animal are you most likely to see? A zebra
77%
You are tired, and music helps you sleep. Which music is the best for sleeping? Calm, classical music
77%
An apple told a banana to do his chores six times. How much times did the apple really tell the banana to do his chores? Ok, first of all, apples and bananas can't talk. Secondly, HOW CAN A BANANA DO CHORES?
71%
Which JetPunk message board post is most likely to get the most likes? Help with CSS
20%
No matching quizzes found
Score Distribution
Percent of People with Each Score
Percentile by Number Answered
Your Score History
You have not taken this quiz